LEADER 01566nam a2200313 u 4500 001 000000104833 003 CaOOAMICUS 005 20070504170152.0 008 070504s2007 sz u000 u ger u 020 $z978-3-7278-1578-2 (Academic Press)* 020 $z978-3-525-53026-9 (Vandenhoeck & Ruprecht)* 040 $aPUL$bita$dLDB 100 1 $aHeise, Jens,$d1965-$0(OLS)http://pul/name/64408 245 10$aErinnen und Gedenken :$bAspekte der biografischen Inschriften der ägyptischen Spätzeit /$cJens Heise. 260 $aFribourg :$bAcademic Press ;$aGöttingen :$bVandenhoeck & Ruprecht Göttingen,$cc2007. 300 $a 384 p. ;$c23 cm 490 1 $aOrbis biblicus et orientalis ;$v226 504 $aBibliografia in nota. 650 14$aEgittologia.$0(OLS)http://pul/subject/26912 830 0$aOrbis biblicus et orientalis ;$v226.$0(OLS)http://pul/title/14045 850 $aPUL 852 $aPUL$W1$xSL Religione 3$y85$m220. 05 COLL 1.226$j117416$qDDC 21$B117359$CPULBib$Z2$F117359 $H104069 $82 941 1 $a9 983 0$aOBO. 996 $6020$z978-3-7278-1578-2 (Academic Press)*$9(OLS)http://pul/number/134197 996 $6020$z978-3-525-53026-9 (Vandenhoeck & Ruprecht)*$9(OLS)http://pul/number/134198 996 $6245$aErinnen und Gedenken :$bAspekte der biografischen Inschriften der ägyptischen Spätzeit$9(OLS)http://pul/title/131868 996 $6260$aFribourg :$bAcademic Press$9(OLS)http://pul/publisher/75910 996 $6260$aGöttingen :$bVandenhoeck & Ruprecht Göttingen$9(OLS)http://pul/publisher/75848 LEADER 01049caa a2200205 u 4500 001 000000095925 003 CaOOAMICUS 005 20070226130144.0 008 040715s1980 it u000 u spa u 035 $a11004532 040 $aIAR$bita 100 1 $aGarganta Fabrega, José Maria de,$cO.P.,$d1905-$0(OLS)http://pul/name/61306 245 10$aSan Vicente Ferrer, predicador de penitencia y de reforma /$cJosep Maria de Garganta. 260 $aRoma :$bAccademia nazionale dei Lincei,$c1980. 300 $aS. 129-165, ;$c26 cm 600 04$aVincentius Ferrerius,$cs.,$d1350-1419.$0(OLS)http://pul/subject/30019 773 0 $aAgiografia nell'occidente cristiano, secoli XIII-XV. 773 0 $aConvegno internazionale "Agiografia nell'Occidente Cristiano".$tAgiografia nell'occidente cristiano, secoli XIII-XV : convegno internazionale : (Roma, 1-2 marzo 1979)$w()53246 996 $6245$aSan Vicente Ferrer, predicador de penitencia y de reforma$9(OLS)http://pul/title/122802 996 $6260$aRoma :$bAccademia nazionale dei Lincei$9(OLS)http://pul/publisher/49192